Total War: Warhammer - Wood Elves Roster - Statistics

General Stats
  • This quiz has been taken 23 times
  • The average score is 23 of 39
Answer Stats
Type Unit % Correct
Legendary Lords Orion
100%
Infantry Dryads
82%
Legendary Lords Durthu
82%
Monsters & Beasts Treeman
82%
Lords Ancient Treeman
76%
Legendary Lords Drycha
76%
Missile Infantry Glade Guard
76%
Missile Infantry Glade Guard (Hagbane Tips)
76%
Missile Infantry Glade Guard (Starfire Shafts)
76%
Legendary Lords Sisters of Twilight
76%
Monsters & Beasts Tree Kin
76%
Monsters & Beasts Forest Dragon
71%
Missile Infantry Waywatchers
71%
Legendary Heroes Ariel
65%
Lords Glade Lord
65%
Monsters & Beasts Great Eagle
65%
Infantry Wardancers
65%
Infantry Wardancers (Asrai Spears)
65%
Infantry Eternal Guard
59%
Infantry Eternal Guard (Shields)
59%
Cavalry & Chariots Wild Riders
59%
Cavalry & Chariots Wild Riders (Shields)
59%
Heroes Branchwraith
53%
Missile Cavalry & Chariots Glade Riders
53%
Missile Cavalry & Chariots Glade Riders (Hagbane Tips)
53%
Cavalry & Chariots Glade Riders (Spears)
53%
Heroes Spellsinger
53%
Heroes Waystalker
53%
Missile Infantry Deepwood Scouts
47%
Missile Infantry Deepwood Scouts (Swiftshiver Shards)
47%
Heroes Glade Captain
47%
Missile Cavalry & Chariots Hawk Riders
47%
Infantry Bladesingers
41%
Cavalry & Chariots Great Stag Knights
41%
Infantry Wildwood Rangers
41%
Legendary Heroes Coeddil
35%
Missile Cavalry & Chariots Sisters of the Thorn
29%
Lords Spellweaver
24%
Monsters & Beasts Zoats
24%
No matching quizzes found
Score Distribution
Percent of People with Each Score
Percentile by Number Answered
Your Score History
You have not taken this quiz